000
00352nam a22001577a 4500
020
_a
978-81-265-2381-8
041
_a
ENG
100
_a
Terzaghti.K
245
_a
Soil Mechanics In engineering Practice
250
_a
Third Ed
260
_a
India
_b
Wiley
_c
2010
300
_a
549
650
_a
SWCE
700
_a
Peck.R.B
856
_u
SWCE ( 43 )
999
_c
1935
_d
1935